000 00523nam a2200181 a 4500
005 20140708084229.0
008 140305b2001 txu||||| |||| 00| 0 eng d
041 _aeng
044 _axxu
090 _aLB
_b333.33.W87m
100 _aWong Reyes, José Ivan
_915631
245 _aMethodologies for the appraisal of conservation easements
260 _aArlington
_bNature Conservancy
_c2001
300 _a55
650 _aServidumbres ecológicas
_914117
650 _aMétodos de evaluación
_915632
942 _cImpreso
_2z
_01
999 _c2368
_d2368